| 000 | 00496nam a2200169 i 4500 | ||
|---|---|---|---|
| 001 | 135147 | ||
| 003 | ES-MaACL | ||
| 005 | 20230906194820.0 | ||
| 007 | t| | ||
| 008 | 070710s1910 xxk ||||1| eng d | ||
| 100 | 1 |
_aTodhunter, Issac. _9110406 |
|
| 245 | 1 | 0 |
_aA treatise on the integral calculus and its applications / _cby I. Todhunter. |
| 260 |
_aLondon : _bMacmillan Company, _c1910. |
||
| 300 |
_aVI, 408 p. : _bil. ; _c19 cm. |
||
| 500 | _aEs reimpresión. | ||
| 852 |
_aES-MaACL _jF-4510 |
||
| 999 |
_c135147 _d135147 |
||